000 00616nam a22002297a 4500
003 UA-OsUOA
001 62226
007 ta
008 20090814b un ||||| |||| 00| 0 ukr d
100 _aЛопатин В.С.
090 _a82-94:82-6
_bЛ77
942 _cBK
040 _aUA-OsUOA
_brus
_cUA-OsUOA
_dUA-OsUOA
245 _aА.В.Суворов. Письма.
_cСамсовнов В.А.
300 _a808 с.
955 _a4
041 _arus
080 _a82-94:82-6
260 _aМ.
_bНаука
_c1986
650 7 _a82 Література. Літературознавство
_2UDC
999 _c348315
_d348315